| 000 | 00598nam a2200145Ia 4500 | ||
|---|---|---|---|
| 008 | 250506s9999 xx 000 0 und d | ||
| 024 | _a10B-5-EE, 10B-10-EE, 10B-22-EE, 10B-28-EE & 10B-35-EE | ||
| 082 | _a621.399072 MUH | ||
| 100 | _aMuhammad Wasif, Bilal Ahsan, Abdul Qayoom, Kamran Ali & Shoaib Ahmed Khan | ||
| 245 | 0 | _aSpider Robot Design and Implementation | |
| 260 |
_aKarachi: _bUIT, _c2010 |
||
| 600 | _aElectronic Engineering | ||
| 650 | _aBachelor of Engineering (BE) | ||
| 856 |
_uhttps://drive.google.com/file/d/1_99cMR1TdDyRjQzZ0D5BwNfX_SZFdVEa/view?usp=sharing _yClick here for PDF |
||
| 999 |
_c28339 _d28339 |
||